Rip-roaring Russell /

Five-year-old Russell's adventures involve his nursery school, his baby sister, and his friends in his apartment building.

Bibliographic Details
Main Author: Hurwitz, Johanna
Other Authors: Hoban, Lillian
Format: Book
Language:English
Published: New York : Morrow, 1983.
Subjects:

MARC

Tag First Indicator Second Indicator Subfields
LEADER 00000pam a2200000 a 4500
001 in00000516721
005 20151013074135.0
008 830120s1983 nyua j 00011 eng
010 |a  83001019  
020 |a 0688023479 
020 |a 0688023487 (lib. bdg.) 
035 |a (OCoLC)09217148 
035 |9 ACE6497AM 
039 0 |a 2  |b 3  |c 3  |d 3  |e 3 
040 |a DLC  |c DLC  |d TXA  |d UtOrBLW 
049 |a [Curr Col] TXAM  |c [1484619] 
050 1 0 |a PZ7.H9574  |b Ri 1983 
082 0 |a [Fic]  |2 19 
100 1 |a Hurwitz, Johanna. 
245 1 0 |a Rip-roaring Russell /  |c Johanna Hurwitz ; illustrated by Lillian Hoban. 
264 1 |a New York :  |b Morrow,  |c 1983. 
300 |a 80 pages :  |b illustrations ;  |c 21 cm. 
336 |a text  |b txt  |2 rdacontent 
337 |a unmediated  |b n  |2 rdamedia 
338 |a volume  |b nc  |2 rdacarrier 
520 |a Five-year-old Russell's adventures involve his nursery school, his baby sister, and his friends in his apartment building. 
650 1 |a Nursery schools  |x Fiction. 
650 1 |a Schools  |x Fiction. 
650 1 |a Brothers and sisters  |x Fiction. 
650 1 |a Apartment houses  |x Fiction. 
700 1 |a Hoban, Lillian. 
999 |a MARS 
999 f f |s 213f23f0-724b-3283-83e3-3a3f8971fea1  |i 8608bd93-5cfb-360d-b5cc-6b9e46bac577  |t 0 
952 f f |p normal  |a Texas A&M University  |b College Station  |c Sterling C. Evans Library  |d Evans: Curriculum Collection (4th floor)  |t 0  |e PZ7.H9574 Ri 1983  |h Library of Congress classification  |i unmediated -- volume  |m A14807911372 
998 f f |a PZ7.H9574 Ri 1983  |t 0  |l Evans: Curriculum Collection (4th floor)